000 01335namaa22003131n 4500
005 20260301140353.0
008 251230s1995 ua a|||frm||| 000 0 eng d
040 _aEG-GICUC
_beng
_cEG-GICUC
_dEG-GICUC
_erda
041 0 _aeng
_beng
_bara
049 _aDeposit
097 _aM.Sc
099 _aCai01.03.02.M.Sc.1995.Ab.P
100 0 _aAbdel-Hameed Nawar,
_epreparation.
245 1 0 _aPrrivate consumption and saving consequences of fiscal deficits in Egypt, 1974-1991:An econometric study /
_cBy Abdel-Hameed Nawar ; Supervised Dr. Salwa A. Soliman, Dr. Alia M. El- Mahdi.
246 1 5 _aأثار العجوزات المالية علي الاستهلاك والادخار الخاص في مصر ,1974-1991 :
_b دراسة قياسية
264 0 _c1995.
300 _a113 Leaves
_billustrations
_c30 cm. +
336 _2rda content
_atext
337 _2rdamedia
_aUnmediated
338 _2rdacarrier
_avolume
502 _aThesis (M.Sc.)-Cairo University, 1995.
504 _aBibliography: pages 101-113.
653 0 _afiscal deficits in Egypt
700 0 _aSalwa A. Soliman
_ethesis advisor.
700 0 _aAlia M. El- Mahdi
_ethesis advisor.
900 _DDepartment of Economics
_FFaculty of Science
_UCairo University
_b1995
_cSalwa A. Soliman
_cAlia M. El- Mahdi
905 _aNehad
_eNourhan
942 _2ddc
_cTH
_e21
_n0
999 _c177182